| 000 | 01329nam a22003497a 4500 | ||
|---|---|---|---|
| 003 | AR-BeUNQ | ||
| 005 | 20251030173737.0 | ||
| 008 | 180215b xxu||||| |||| 00| 0 spa d | ||
| 020 | _a9789500010931 | ||
| 040 |
_aAR-BeUNQ _bspa _eaacr _cAR-BeUNQ |
||
| 082 | 0 | 4 |
_a542 / 373 _221 |
| 100 | 1 |
_aLastres Flores,Luz. _eaut. |
|
| 245 | 1 | 0 | _aQuímica |
| 250 | 1 | _a1a. ed. | |
| 260 |
_aCABA : _bMinisterio de Educación de la Nación, _c2015. |
||
| 300 |
_a176 p. : _bil. ; _c29 cm. |
||
| 500 | _aACTIVIDADES. CREDITOS DE IMAGEN. BIBLIOGRAFIA. | ||
| 504 | _aGENERAL Y DE PAGINAS WEB. PROGRAMAS DE TV. | ||
| 600 | _aDolores Marino, Jorge Mario | ||
| 650 | 7 |
_aQuimica- Enseñanza Secundaria _2tell |
|
| 651 | 7 |
_aArgentina _2spines |
|
| 700 | 1 |
_aMario, Jorge _ecoaut _f2015 |
|
| 710 | 1 | _aArgentina. Ministerio de Educación de la Nación | |
| 929 |
_aDONACION _d0 _e15/12/17 _j56546 _fPAT0083590 _bFINES |
||
| 929 | 1 | 0 |
_aDONACION _d0 _e16/02/18 _j63522 _fPAT0083592 _bPLAN FINES |
| 929 |
_aDONACION _d0 _e16/02/2018 _j63523 _fPAT 0083591 _bPLAN FINES |
||
| 929 |
_aDONACION _d0 _e16/02/2018 _j63524 _fPAT0083594 _bPLAN FINES |
||
| 929 |
_aDONACION _d0 _e16/02/2018 _j63525 _fPAT 0083595 _bPLAN FINES |
||
| 929 |
_aDONACION _d0 _e0 _j63526 _fPAT 0083596 _bPLAN FINES |
||
| 929 |
_aDONACION _d0 _e16/02/2018 _j63257 _fPAT0083593 _bPLAN FINES |
||
| 942 | _cLIB | ||
| 999 |
_c148 _d148 |
||